| 000 | 00802nam a22001937a 4500 | ||
|---|---|---|---|
| 005 | 20160608150415.0 | ||
| 008 | 030206s2014 ho 000 0 spa d | ||
| 090 |
_a00327 _bAE 2010 |
||
| 100 | 1 |
_aAguilar Ortega, Gerardo Danilo _9137 |
|
| 245 | 0 | 0 |
_aAdministración del portafolio de credito en el sistema financiero / _cGerardo Danilo Aguilar Ortega |
| 260 |
_aHonduras, San Pedro Sula : _bUniversidad de San Pedro Sula, _c2010. |
||
| 300 | _a75 p. | ||
| 500 | _aMONOGRAFIA EN BODEGA | ||
| 502 |
_aLicenciatura en Administración de Empresas / _cUniversidad de San Pedro Sula. |
||
| 650 | 0 | 4 |
_2LEMB _aADMINISTRACIÓN DE EMPRESAS _971 |
| 650 | 0 | 4 |
_aADMINISTRACIÓN DEL PORTAFILIO DE CREDITO _9138 |
| 650 | 0 | 4 |
_aSISTEMA FINANCIERO _9139 |
| 942 |
_2ddc _cMN _h00327 AE 2010 _600327_AE_201000000000000_MN |
||
| 999 |
_c5956 _d5956 |
||